Normal view
MARC view
- MS-MECH-2016 MSTHESIS
Entry Topical Term
001 - CONTROL NUMBER
- control field: 69426
003 - CONTROL NUMBER IDENTIFIER
- control field: NUST
005 - DATE AND TIME OF LATEST TRANSACTION
- control field: 20210628204227.0
008 - FIXED-LENGTH DATA ELEMENTS
- fixed length control field: 210628|| aca||aabn | a|a d
040 ## - CATALOGING SOURCE
- Original cataloging agency: NUST
- Transcribing agency: NUST
150 ## - HEADING--TOPICAL TERM
- Topical term or geographic name entry element: MS-MECH-2016 MSTHESIS
670 ## - SOURCE DATA FOUND
- Source citation: Work cat.: (NUST): Salman Zafar 69425, TH-SOF-1571-A Neural Network based Control for Semi-Active Suspension of Military Truck 5 ton Hino GT, 2018
